The political sociology of human rights / (Record no. 21737)
[ view plain ]
| 000 -LEADER | |
|---|---|
| fixed length control field | 02024cam a22002655a 4500 |
| 001 - CONTROL NUMBER | |
| control field | 18573854 |
| 005 - DATE AND TIME OF LATEST TRANSACTION | |
| control field | 20160515113744.0 |
| 008 - FIXED-LENGTH DATA ELEMENTS--GENERAL INFORMATION | |
| fixed length control field | 150414s2015 enk frb f001 0 eng d |
| 020 ## - INTERNATIONAL STANDARD BOOK NUMBER | |
| International Standard Book Number | 9780521148474 (pb) |
| 040 ## - CATALOGING SOURCE | |
| Original cataloging agency | DLC |
| Language of cataloging | eng |
| Transcribing agency | DLC |
| Modifying agency | DLC |
| -- | EG-ScBUE |
| 082 04 - DEWEY DECIMAL CLASSIFICATION NUMBER | |
| Classification number | 306.2 |
| Edition number | 22 |
| Item number | NAS |
| 100 1# - MAIN ENTRY--PERSONAL NAME | |
| Personal name | Nash, Kate, |
| Dates associated with a name | 1958- |
| 9 (RLIN) | 13424 |
| 245 14 - TITLE STATEMENT | |
| Title | The political sociology of human rights / |
| Statement of responsibility, etc | Kate Nash. |
| 260 ## - PUBLICATION, DISTRIBUTION, ETC. (IMPRINT) | |
| Place of publication, distribution, etc | Cambridge : |
| Name of publisher, distributor, etc | Cambridge University Press, |
| Date of publication, distribution, etc | 2015. |
| 300 ## - PHYSICAL DESCRIPTION | |
| Extent | x, 224 p. ; |
| Dimensions | 24 cm. |
| 490 0# - Series Statement | |
| Series statement | Key topics in sociology. |
| 500 ## - GENERAL NOTE | |
| General note | Index : p. [215]-224. |
| 504 ## - BIBLIOGRAPHY, ETC. NOTE | |
| Bibliography, etc | Bibliography : p. 193-214. |
| 505 8# - FORMATTED CONTENTS NOTE | |
| Formatted contents note | Machine generated contents note: 1. The social construction of human rights; 2. (A) human rights movement(s) and other organisations; 3. States of human rights; 4. The United Nations: not a world state; 5. Humanising capitalism; 6. Women's rights are human rights; 7. Do migrants have rights?; 8. What works? Paradoxes in the human rights field. |
| 520 ## - SUMMARY, ETC. | |
| Summary, etc | "The language of human rights is the most prominent 'people-centred' language of global justice today. This textbook looks at how human rights are constructed at local, national, international and transnational levels and considers commonalities and differences around the world. Through discussions of key debates in the interdisciplinary study of human rights, the book develops its themes by considering examples of human rights advocacy in international organisations, national states and local grassroots movements. Case studies relating to specific organisations and institutions illustrate how human rights are being used to address structural injustices: imperialist geopolitics, authoritarianism and corruption, inequalities created by 'freeing' markets, dangers faced by transnational migrants as a result of the securitization of borders, and violence against women"-- |
| 650 #7 - SUBJECT ADDED ENTRY--TOPICAL TERM | |
| Topical term or geographic name as entry element | Human rights |
| General subdivision | Social aspects. |
| Source of heading or term | BUEsh |
| 9 (RLIN) | 39971 |
| 650 #7 - SUBJECT ADDED ENTRY--TOPICAL TERM | |
| Topical term or geographic name as entry element | Political sociology. |
| Source of heading or term | BUEsh |
| 9 (RLIN) | 11062 |
| 653 ## - INDEX TERM--UNCONTROLLED | |
| Resource For college | BAEPS, Political Science |
| Arrived date list | May2016 |
| 942 ## - ADDED ENTRY ELEMENTS (KOHA) | |
| Source of classification or shelving scheme | Dewey Decimal Classification |
| Withdrawn status | Item status | Source of classification or shelving scheme | Damaged status | Not for loan | Vendor | Home library | Current library | Shelving location | Date acquired | Source of acquisition | Cost, normal purchase price | Total Checkouts | Total Renewals | Full call number | Barcode | Date last seen | Date last borrowed | Cost, replacement price | Koha item type |
|---|---|---|---|---|---|---|---|---|---|---|---|---|---|---|---|---|---|---|---|
| Dewey Decimal Classification | Alahram | Central Library | Central Library | First floor | 15/05/2016 | Purchase | 270.00 | 4 | 9 | 306.2 NAS | 000032480 | 15/07/2025 | 13/12/2022 | 337.50 | Book - Borrowing |